<?xml version="1.0" encoding="UTF-8"?>
<record
    xmlns:xsi="http://www.w3.org/2001/XMLSchema-instance"
    xsi:schemaLocation="http://www.loc.gov/MARC21/slim http://www.loc.gov/standards/marcxml/schema/MARC21slim.xsd"
    xmlns="http://www.loc.gov/MARC21/slim">

  <leader>00960cam a22002651  4500</leader>
  <controlfield tag="001">sa 68018643 </controlfield>
  <controlfield tag="003">DLC</controlfield>
  <controlfield tag="005">20260227112713.0</controlfield>
  <controlfield tag="008">881219m19659999ii            000 0 san  </controlfield>
  <datafield tag="010" ind1=" " ind2=" ">
    <subfield code="a">sa 68018643 </subfield>
  </datafield>
  <datafield tag="035" ind1=" " ind2=" ">
    <subfield code="a">(OCoLC)18923333</subfield>
  </datafield>
  <datafield tag="040" ind1=" " ind2=" ">
    <subfield code="a">DLC</subfield>
    <subfield code="c">CU</subfield>
    <subfield code="d">CU</subfield>
    <subfield code="d">DLC</subfield>
  </datafield>
  <datafield tag="041" ind1="0" ind2=" ">
    <subfield code="a">sanhin</subfield>
  </datafield>
  <datafield tag="042" ind1=" " ind2=" ">
    <subfield code="a">premarc</subfield>
  </datafield>
  <datafield tag="050" ind1="0" ind2="0">
    <subfield code="a">R127.2</subfield>
    <subfield code="b">.V33</subfield>
  </datafield>
  <datafield tag="100" ind1="0" ind2=" ">
    <subfield code="a">V&#x101;gbha&#x1E6D;a,</subfield>
    <subfield code="d">active 7th century.</subfield>
  </datafield>
  <datafield tag="240" ind1="1" ind2="0">
    <subfield code="a">A&#x1E63;&#x1E6D;&#x101;&#x1E45;gasa&#x1E45;graha</subfield>
  </datafield>
  <datafield tag="245" ind1="1" ind2="0">
    <subfield code="a">A&#x1E63;&#x1E6D;&#x101;&#x1E45;gasa&#x1E47;graha&#x1E25;.</subfield>
    <subfield code="c">&#x15A;r&#x12B;v&#x101;gbha&#x1E6D;&#x101;c&#x101;ryaviracita. Sarv&#x101;&#x1E45;gasundar&#x12B; vy&#x101;khyay&#x101; sahita&#x1E25;. Vy&#x101;khy&#x101;k&#x101;ra L&#x101;lacandra &#x15A;&#x101;str&#x12B; Vaidya. &#x100;murkhalekhaka Ra&#x1E45;ajitar&#x101;ya Des&#x101;&#x12B;.</subfield>
  </datafield>
  <datafield tag="250" ind1=" " ind2=" ">
    <subfield code="a">[1. sa&#x1E43;skara&#x1E45;&#x101;]</subfield>
  </datafield>
  <datafield tag="260" ind1=" " ind2=" ">
    <subfield code="a">Kalakatt&#x101; :</subfield>
    <subfield code="b">Sr&#x12B; Vaidyan&#x101;tha &#x100;yurveda Bhavana,</subfield>
    <subfield code="c">1965-</subfield>
  </datafield>
  <datafield tag="300" ind1=" " ind2=" ">
    <subfield code="a">v. ;</subfield>
    <subfield code="c">25 cm.</subfield>
  </datafield>
  <datafield tag="500" ind1=" " ind2=" ">
    <subfield code="a">In Sanskrit: introductory matter and commentary in Hindi.</subfield>
  </datafield>
  <datafield tag="650" ind1=" " ind2="0">
    <subfield code="a">Medicine, Ayurvedic.</subfield>
  </datafield>
  <datafield tag="700" ind1="1" ind2=" ">
    <subfield code="a">Vaidya, L&#x101;lacandra.</subfield>
    <subfield code="t">A&#x1E63;&#x1E6D;&#x101;&#x1E45;gasundar&#x12B;.</subfield>
  </datafield>
  <datafield tag="999" ind1=" " ind2=" ">
    <subfield code="c">88553</subfield>
    <subfield code="d">88553</subfield>
  </datafield>
</record>
